[Event "Enez op"]
[Site "Enez"]
[Date "2018.??.??"]
[Round "4"]
[White "Todev, Simeon"]
[Black "Turkmen, Abdulkadir"]
[Result "0-1"]
[WhiteElo "1608"]
[BlackElo "1160"]
[PlyCount "96"]
[EventDate "2018.09.15"]
[EventType "swiss"]
[EventRounds "9"]
[EventCountry "TUR"]
[SourceTitle "EXT 2019"]
[Source "ChessBase"]
[SourceDate "2018.10.10"]
[SourceVersion "1"]
[SourceVersionDate "2018.10.10"]
[SourceQuality "1"]

1. e4 e5 2. Nf3 Nc6 3. Bb5 a6 4. Ba4 b5 5. Bb3 Bc5 6. Nxe5 Nxe5 7. d4 Bxd4 8. Qxd4 d6 9. f4 Qh4+ 10. Kf1 Ng4 11. Bd5 c5 12. Qd2 Ra7 13. g3 Qh3+ 14. Kg1 Ne7 15. Nc3 b4 16. Nd1 Nxd5 17. exd5 Re7 18. Nf2 Nxf2 19. Qxf2 Bb7 20. f5 Bxd5 21. Bf4 Rd7 22. f6 gxf6 23. Re1+ Kd8 24. Qe2 Qf5 25. Qxa6 Qxc2 26. Re2 Qd1+ 27. Kf2 Qxh1 28. Bxd6 Qxh2+ 29. Ke1 Qg1+ 30. Kd2 Bb7 31. Qb6+ Kc8 32. Re3 Qf2+ 33. Kd3 c4+ 34. Kxc4 Rxd6 35. Re8+ Rxe8 36. Qxf2 Re4+ 37. Kb3 Red4 38. Qf5+ Kd8 39. Qa5+ Kd7 40. Qf5+ Ke7 41. a3 Bd5+ 42. Ka4 b3+ 43. Ka5 Bc6 44. Qf2 Ra4+ 45. Kb6 Bd7+ 46. Kc5 Rc6+ 47. Kd5 Rc2 48. Qf5 Bc6# 0-1